The surgeon takes a wife /

محفوظ في:
التفاصيل البيبلوغرافية
المؤلف الرئيسي: Norrell, Marjorie
التنسيق: كتاب
اللغة:English
منشور في: London : Mills & Boon, 1968.
LEADER 00755nam a2200217 a 4500
001 c000088578
003 CARM
005 00000000000000.0
008 930129s1968 enk 00011 eng d
019 1 |a 9784287  |5 LACONCORD2021 
020 |a 0263513092 
035 |a (OCoLC)30271324  |5 LACONCORD2021 
040 |a VLINC  |c VLINC 
100 1 |a Norrell, Marjorie. 
245 1 4 |a The surgeon takes a wife /  |c by Marjorie Norrell. 
260 |a London :  |b Mills & Boon,  |c 1968. 
300 |a 191 p. ;  |c 19 cm. 
852 8 |b CARM  |h A2:AB13G0  |i A01095  |p 0114807  |f BK 
082 0 4 |a 823.914  |2 20 
999 f f |i 21162696-976d-58f0-a822-3c3c0364e568  |s d0f2095a-2491-56ab-98c4-1034e61c2f22 
952 f f |p Can circulate  |a CAVAL  |b CAVAL  |c CAVAL  |d CARM 1 Store  |e A01095  |f A2:AB13G0  |h Other scheme  |i book  |m 0114807